000 00437nam a2200169Ia 4500
008 230718s9999 xx 000 0 und d
041 _aeng
082 _a005.43
_bPET
100 _aPetzold C.
245 _aProgramming Windows 95 With Disk
260 _c1996
_bMicrosoft Press
300 _a1100
_dRef 307 C (6481)
365 _cRs.
_b1346.25
500 _a307 C
700 _aPetzold C.
906 _dB:673006-May-1996
_cCOMP
_b201.94
999 _c295276
_d295276